000 00495nam a22001697a 4500
005 20251108165256.0
008 250721s1987 xx 000 0 ara d
082 1 4 _a956.441/ابر
100 1 _aسعادة، إبراهيم
245 1 0 _aالخليل :
_bمدينة الأنبياء /
264 1 _aالزرقاء :
_bمكتبة المنار،
_c1987.
300 _a275ص
650 1 7 _aتاريخ فلسطين
650 1 7 _aالخليل ( مدينه )
942 _2ddc
_cBK
999 _c23885
_d23885